|
|
|
|
| LEADER |
02958nam a2200745 i 4500 |
| 001 |
000279294 |
| 003 |
CZ BrMZK |
| 005 |
20260304141046.0 |
| 007 |
ta |
| 008 |
980107s1966 xr ach g 000 fbcze |
| 015 |
|
|
|a cnb000443500
|
| 020 |
|
|
|q (Vázáno)
|
| 035 |
|
|
|a (OCoLC)12949083
|
| 040 |
|
|
|a BOA001
|b cze
|e rda
|
| 043 |
|
|
|a e-xr---
|a e-pl---
|
| 045 |
|
|
|a x4x4
|
| 072 |
|
7 |
|a 821.162.3-3
|x Česká próza
|2 Konspekt
|9 25
|
| 072 |
|
7 |
|a 929
|x Biografie
|2 Konspekt
|9 8
|
| 080 |
|
|
|a 821.162.3-31
|2 MRF
|
| 080 |
|
|
|a (=411.16)
|2 MRF
|
| 080 |
|
|
|a 323.28
|2 MRF
|
| 080 |
|
|
|a 343.819.5
|2 MRF
|
| 080 |
|
|
|a 343.819.5:343.368.4
|2 MRF
|
| 080 |
|
|
|a 323.12"1939/1945"
|2 MRF
|
| 080 |
|
|
|a 94(100)"1939/1945"
|2 MRF
|
| 080 |
|
|
|a 929
|2 MRF
|
| 080 |
|
|
|a (437.3)
|2 MRF
|
| 080 |
|
|
|a (438)
|2 MRF
|
| 080 |
|
|
|a (0:82-312.6)
|2 MRF
|
| 100 |
1 |
|
|a Kulka, Erich,
|d 1911-1995
|7 jk01070825
|4 aut
|
| 245 |
1 |
0 |
|a Útěk z tábora smrti /
|c Erich Kulka
|
| 264 |
|
1 |
|a Praha :
|b Vydavatelství časopisů MNO,
|c 1966
|
| 300 |
|
|
|a 182 stran :
|b ilustrace, portréty, faksimile ;
|c 19 cm
|
| 336 |
|
|
|a text
|b txt
|2 rdacontent
|
| 337 |
|
|
|a bez média
|b n
|2 rdamedia
|
| 338 |
|
|
|a svazek
|b nc
|2 rdacarrier
|
| 490 |
1 |
|
|a Magnet ;
|v 1966/5
|
| 600 |
1 |
7 |
|a Lederer, Vítězslav,
|d 1904-1972
|7 xx0138087
|2 czenas
|
| 610 |
2 |
7 |
|a Osvětim (koncentrační tábor)
|7 olak2003164504
|2 czenas
|
| 648 |
|
7 |
|a 1944
|7 ch967320
|2 czenas
|
| 648 |
|
7 |
|a 1939-1945
|7 ch460653
|2 czenas
|
| 650 |
0 |
7 |
|a Židé
|7 ph127782
|z Česko
|y 1939-1945
|2 czenas
|
| 650 |
0 |
7 |
|a Židé
|7 ph127782
|x perzekuce
|y 1939-1945
|2 czenas
|
| 650 |
0 |
7 |
|a koncentrační tábory
|7 ph121782
|z Polsko
|y 1939-1945
|2 czenas
|
| 650 |
0 |
7 |
|a útěky z koncentračních táborů
|7 ph612503
|z Polsko
|y 1939-1945
|2 czenas
|
| 650 |
0 |
7 |
|a holocaust (1939-1945)
|7 ph117203
|2 czenas
|
| 650 |
0 |
7 |
|a druhá světová válka (1939-1945)
|7 ph117270
|2 czenas
|
| 650 |
0 |
9 |
|a Jews
|z Czechia
|y 1939-1945
|2 eczenas
|
| 650 |
0 |
9 |
|a Jews
|x persecutions
|y 1939-1945
|2 eczenas
|
| 650 |
0 |
9 |
|a concentration camps
|z Poland
|y 1939-1945
|2 eczenas
|
| 650 |
0 |
9 |
|a escapes from concentration camps
|z Poland
|y 1939-1945
|2 eczenas
|
| 650 |
0 |
9 |
|a holocaust (1939-1945)
|2 eczenas
|
| 650 |
0 |
9 |
|a World War (1939-1945)
|2 eczenas
|
| 655 |
|
7 |
|a české romány
|7 fd133974
|2 czenas
|
| 655 |
|
7 |
|a biografické romány
|7 fd131905
|2 czenas
|
| 655 |
|
9 |
|a Czech fiction
|2 eczenas
|
| 655 |
|
9 |
|a biographical novels
|2 eczenas
|
| 710 |
2 |
|
|a Vydavatelství časopisů MNO
|7 mzk20261290073
|4 pbl
|
| 830 |
|
0 |
|a Magnet (Vydavatelství časopisů MNO)
|0 s
|
| 856 |
4 |
1 |
|u http://www.digitalniknihovna.cz/mzk/uuid/uuid:75edbcd0-8587-11e2-b238-005056827e52
|y Digitalizovaný dokument
|x NDK
|
| 910 |
|
|
|a BOA001
|b PK-0044.514
|b 1-0562.199
|b Skř.17-0651.970
|b KPB-0001.803
|
| 990 |
|
|
|a BK
|
| 991 |
|
|
|b 202603
|
| 996 |
6 |
|
|b 2619359016
|c 1-0562.199
|l MZK
|r Sklad / do 1 hodiny
|n 2
|w 000279294
|u 000020
|a 1
|e BOA001
|j MZK50
|s P
|
| 996 |
7 |
|
|b 3119919877
|c PK-0044.514
|l MZK
|r Sklad / do 1 hodiny
|n 36
|w 000279294
|u 000010
|a 1
|e BOA001
|j MZK50
|s A
|